| 000 | 00000nam 2200000zi 4500 |
| 001 | 9.929263 |
| 003 | CaOODSP |
| 005 | 20240415134710 |
| 006 | m o d f |
| 007 | cr cn||||||||| |
| 008 | 231020t20242024onca o f000 0 eng d |
| 020 | |a9780660684079 |
| 040 | |aCaOODSP|beng|erda|cCaOODSP |
| 043 | |an-cn--- |
| 086 | 1 |aFs23-549/4-11-2023E-PDF |
| 245 | 00|aHealthy and impacted kelp forests and eelgrass beds : |bwhen kelp forests and eelgrass beds are stressed, their structure changes, and they can no longer provide benefits to other species. |
| 264 | 1|a[Ottawa] : |bFisheries and Oceans Canada = Pêches et océans Canada, |c[2024] |
| 264 | 4|c©2024 |
| 300 | |a1 online resource (1 page) : |bcolour illustrations |
| 336 | |atext|btxt|2rdacontent |
| 337 | |acomputer|bc|2rdamedia |
| 338 | |aonline resource|bcr|2rdacarrier |
| 500 | |aIssued also in French under title: Forêts de varech et herbiers de zostère en bonne santé et endommagés : lorsque les forêts de varech et les herbiers de zostère subissent un stress, leur structure se modifie et ils ne peuvent plus apporter des avantages aux autres espèces. |
| 500 | |aCaption title. |
| 650 | 0|aKelp bed ecology|zAtlantic Coast (Canada) |
| 650 | 0|aEelgrass|zAtlantic Coast (Canada) |
| 650 | 0|aMarine ecology|zAtlantic Coast (Canada) |
| 710 | 1 |aCanada. |bDepartment of Fisheries and Oceans, |eissuing body. |
| 775 | 08|tForêts de varech et herbiers de zostère en bonne santé et endommagés : |w(CaOODSP)9.929264 |
| 856 | 40|qPDF|s6.08 MB|uhttps://publications.gc.ca/collections/collection_2024/mpo-dfo/Fs23-549-4-11-2023-eng.pdf |
| 856 | 4 |qHTML|sN/A|uhttps://www.dfo-mpo.gc.ca/about-notre-sujet/publications/infographics-infographies/soto-rceo/2022/6-kelp-eelgrass-varech-zostere-eng.html |